[Event "Hungarian National Open 2013"]
[Site "Zalakaros HUN"]
[Date "2013.05.26"]
[Round "5"]
[White "Nagy,Ga1"]
[Black "Vegh,E"]
[Result "1-0"]
[WhiteElo "2439"]
[BlackElo "2302"]

1.c4 g6 2.Nf3 Bg7 3.d4 f5 4.g3 Nf6 5.Bg2 O-O 6.O-O d6 7.Nc3 Qe8 8.Nd5 Nxd5
9.cxd5 Nd7 10.Qb3 Nb6 11.a4 a5 12.Be3 e6 13.Ng5 exd5 14.Rfc1 Qe7 15.Rc2 Ra6
16.Bxd5+ Nxd5 17.Qxd5+ Kh8 18.Rac1 c6 19.Qb3 h6 20.Nf3 Be6 21.Qa3 g5 22.Bd2 Bd5
23.Re1 Qe4 24.Rc3 f4 25.Qxd6 g4 26.Bxf4 gxf3 27.Re3 Qf5 28.exf3 Kh7 29.Re7 Rf7
30.Rxf7 Bxf7 31.Qc7 Ra8 32.Qxb7 Re8 33.Rxe8 Bxe8 34.Qc7 Qd7 35.Qxa5 Qxd4
36.Qe1 Bg6 37.b4 Qd5 38.Kg2 Qd3 39.Qe7 Kh8 40.Be5 Bxe5 41.Qxe5+ Kg8 42.Qe6+ Bf7
43.Qxc6 Bc4 44.Qe8+ Kg7 45.Qe1 Qb3 46.h4 Kf7 47.Qd2 Bd5 48.Qf4+ Kg7 49.b5 Bc4
50.b6 Qd3 51.Qe3  1-0

[Event "Grand Europe Open Albena"]
[Site "Albena BUL"]
[Date "2013.06.01"]
[Round "1.35"]
[White "Zarkua,D"]
[Black "Will,Ma"]
[Result "1-0"]
[WhiteElo "2441"]
[BlackElo "2018"]

1.Nf3 f5 2.d4 Nf6 3.g3 g6 4.Bg2 Bg7 5.O-O O-O 6.c4 d6 7.Nc3 c6 8.d5 Bd7 9.Be3 Ng4
10.Bd4 Ne5 11.Nxe5 dxe5 12.Be3 Na6 13.Qd2 Qe8 14.Rad1 Qf7 15.Bh6 Rad8 16.Bxg7 Kxg7
17.Qe3 e4 18.Qxa7 cxd5 19.Rxd5  1-0

[Event "2nd Grand Europe Open 2013"]
[Site "Golden Sands BUL"]
[Date "2013.06.14"]
[Round "5.23"]
[White "Drenchev,P"]
[Black "Bonafede,A"]
[Result "0-1"]
[WhiteElo "2485"]
[BlackElo "2353"]

1.d4 f5 2.g3 Nf6 3.Bg2 g6 4.Nf3 Bg7 5.O-O O-O 6.c4 d6 7.Nc3 Qe8 8.b3 Na6
9.Ba3 c6 10.Qd3 Rb8 11.Rac1 b5 12.Bb2 b4 13.Na4 Bd7 14.c5 Nc7 15.Nd2 Nb5
16.Nc4 Nd5 17.cxd6 exd6 18.Na5 Kh8 19.e3 g5 20.Rfe1 Rc8 21.Re2 Qf7 22.Rec2 f4
23.e4 f3 24.Qxf3 Qxf3 25.Bxf3 Ndc3 26.Bxc3 bxc3 27.Bh5 Bxd4 28.Kg2 d5 29.f3 dxe4
30.fxe4 Rf6 31.Re1 Rcf8 32.e5 Rf2+ 33.Rxf2 Rxf2+ 34.Kh1 Be6  0-1

[Event "2nd Grand Europe Open 2013"]
[Site "Golden Sands BUL"]
[Date "2013.06.15"]
[Round "6.13"]
[White "Arun Prasad,S"]
[Black "Bonafede,A"]
[Result "1-0"]
[WhiteElo "2522"]
[BlackElo "2353"]

1.d4 f5 2.g3 Nf6 3.Bg2 g6 4.Nf3 Bg7 5.O-O O-O 6.c4 d6 7.Nc3 Qe8 8.Re1 h6
9.e4 fxe4 10.Nxe4 Nxe4 11.Rxe4 Bf5 12.Re3 Nc6 13.d5 Nb4 14.Nh4 Qd7 15.Bd2 a5
16.Bc3 Bxc3 17.bxc3 Na6 18.Qd4 g5 19.Nxf5 Qxf5 20.Re6 Nc5 21.Rxh6 Rf6 22.Bh3 Qf3
23.Bg4 Qe4 24.Rh5 Qxd4 25.cxd4 Ne4 26.Re1 Nxf2 27.Rxg5+ Kh8 28.Bf5 Raf8 29.Rh5+ Kg8
30.g4 c6 31.Kxf2  1-0

[Event "13th IPCA World Championship"]
[Site "Velke Losiny CZE"]
[Date "2013.06.23"]
[Round "7.4"]
[White "Jaworski,Mi"]
[Black "Pronin,Vl"]
[Result "1-0"]
[WhiteElo "2293"]
[BlackElo "2056"]

1.d4 f5 2.g3 Nf6 3.Bg2 g6 4.Nf3 Bg7 5.O-O O-O 6.c4 d6 7.Nc3 Nc6 8.d5 Ne5
9.Nxe5 dxe5 10.c5 Rb8 11.Qb3 e6 12.dxe6 Qe7 13.Nd5 Nxd5 14.Bxd5 Kh8 15.c6 b6
16.Bd2 Re8 17.Bb4 Qf6 18.e7 f4 19.Bf7 Rxe7 20.Bxe7 Qxe7 21.Bd5 e4 22.gxf4 Qf6
23.Bxe4 Qxf4 24.Qf3 Qh4 25.Rfd1 Be6 26.Bd5 Bg4 27.Qg3 Qh5 28.Bf3 Bxf3 29.Qxf3 Qb5
30.Rd5 Qxb2 31.Rad1 h5 32.Qd3 Rg8 33.Kh1 Bf6 34.Rg1 Qxa2 35.Qf3 Rg7 36.Rd7 Qb2
37.Rxg7 Kxg7 38.Qg3 Qe5 39.Qxg6+ Kf8 40.Qg8+ Ke7 41.Qh7+  1-0

[Event "Mukachevo Summer"]
[Site "Mukachevo UKR"]
[Date "2013.06.27"]
[Round "4.4"]
[White "Guk,Ilja"]
[Black "Koziak,V"]
[Result "1/2-1/2"]
[WhiteElo "2233"]
[BlackElo "2509"]

1.d4 f5 2.g3 Nf6 3.Bg2 g6 4.Nf3 Bg7 5.O-O O-O 6.c4 d6 7.Nc3 Qe8 8.Re1 Qf7
9.e4 Nxe4 10.Nxe4 fxe4 11.Rxe4 Bf5 12.Rh4 Qxc4 13.Bh6 Bxh6 14.Rxh6 Nc6 15.Rc1 Qd3
16.Qxd3 Bxd3 17.d5 Nb4 18.Ng5  1/2-1/2

[Event "7th Varna Open 2013"]
[Site "Varna BUL"]
[Date "2013.06.27"]
[Round "9.11"]
[White "Filip,L"]
[Black "Panbukchian,V"]
[Result "1-0"]
[WhiteElo "2458"]
[BlackElo "2331"]

1.Nf3 f5 2.d4 Nf6 3.g3 g6 4.Bg2 Bg7 5.c4 O-O 6.O-O d6 7.Nc3 c6 8.Rb1 Nh5
9.e4 f4 10.Ne2 fxg3 11.hxg3 e5 12.d5 a5 13.Bg5 Qe8 14.Nc3 h6 15.Bc1 Bg4 16.Qd3 Na6
17.Nh2 Bc8 18.dxc6 Qxc6 19.Rd1 Be6 20.Qxd6 Bxc4 21.Qxc6 bxc6 22.b3 Bf7 23.Ng4 Kh7
24.Rd6 Rfc8 25.Na4 Rd8 26.Ba3 Rxd6 27.Bxd6 Be6 28.Nxe5 Rd8 29.Be7 Re8 30.Bd6 Rd8
31.Be7 Re8 32.Nxc6 Bd7 33.Rc1 Nb8 34.Nxb8 Bxa4 35.bxa4 Rxe7 36.Nc6 Rc7 37.Rc4 Rb7
38.Bf3 Nf6 39.Nxa5 Rb1+ 40.Kg2 Nd7 41.Nc6 Rb2 42.Bg4 Ne5 43.Nxe5 Bxe5 44.Be6 Kg7
45.Kf1 g5 46.a5 Rxa2 47.Rc5 Rxf2+ 48.Kxf2 Bd4+ 49.Ke2 Bxc5 50.g4 Kf6 51.Bf5 Ke5
52.Kd3 Bg1 53.Kc4 Kd6 54.Kb5 Bd4 55.Bg6 Bf2 56.Ka6 Kc7 57.e5 Bg3 58.e6 Bd6
59.Kb5 Be7 60.a6 Bf6 61.a7 Kb7 62.a8=Q+ Kxa8 63.Kc6  1-0

[Event "Klatov Open A 2013"]
[Site "Klatovy CZE"]
[Date "2013.07.03"]
[Round "5.9"]
[White "Schatz,C"]
[Black "Eretova,J"]
[Result "1-0"]
[WhiteElo "2232"]
[BlackElo "2101"]

1.Nf3 g6 2.d4 f5 3.g3 Nf6 4.Bg2 Bg7 5.O-O O-O 6.c4 d6 7.Nc3 c6 8.b3 a6 9.Re1 b5
10.cxb5 axb5 11.b4 h6 12.Qb3+ Kh7 13.e4 fxe4 14.Nxe4 Nxe4 15.Rxe4 c5 16.Rh4 c4
17.Qe3 Kg8 18.Rxh6 e5 19.Rxg6 Bf5 20.Rxg7+ Kxg7 21.Qh6+ Kg8 22.Nh4  1-0

[Event "IsBank TCh-TUR 2013"]
[Site "Denizli TUR"]
[Date "2013.07.04"]
[Round "7.2"]
[White "Arduman,C"]
[Black "Gurevich,M"]
[Result "1/2-1/2"]
[WhiteElo "2353"]
[BlackElo "2589"]

1.d4 f5 2.Nf3 Nf6 3.g3 g6 4.Bg2 Bg7 5.O-O O-O 6.c4 d6 7.Nc3 Qe8 8.Nd5 Nxd5
9.cxd5 Qb5 10.Ng5 h6 11.Ne6 Bxe6 12.dxe6 d5 13.a4 Qc4 14.Be3 c6 15.Qd2 Na6
16.Bxh6 Qxd4 17.Qxd4 Bxd4 18.Bxf8 Rxf8 19.Rfd1 Bc5 20.Rac1 Bd6 21.e3 Nc7
22.a5 a6 23.Rd3 Nxe6 24.Rb3 Rb8 25.Bf1 Nd8 26.f4 Kf7 27.Kf2 Rc8 28.g4 Rc7
29.h4 Ne6 30.gxf5 gxf5 31.Bd3 Kf6 32.Kf3 c5 33.Rbc3 Rc8 34.R3c2 Rh8 35.Rh2 c4
36.Be2 Nc5 37.Rg1 Nb3 38.Bd1 Nxa5 39.h5 Nc6 40.Rg6+ Kf7 41.Bc2 Rxh5 42.Rxh5 Kxg6
43.Rxf5 d4 44.Be4 dxe3 45.Rb5+ Kf6 46.Rxb7 Nd4+ 47.Kxe3 Ne6 48.Bd5 Nc5 49.Rb6 Na4
50.Rxa6 Nxb2 51.Be4 Nd3 52.Bxd3 cxd3 53.Kxd3  1/2-1/2

[Event "Opatija Open A 2013"]
[Site "Opatija CRO"]
[Date "2013.07.04"]
[Round "6.4"]
[White "Beletic,D"]
[Black "Pavicic,Z"]
[Result "1-0"]
[WhiteElo "2249"]
[BlackElo "2384"]

1.c4 f5 2.Nf3 Nf6 3.g3 g6 4.Bg2 Bg7 5.O-O O-O 6.d4 d6 7.b4 e5 8.dxe5 Ng4
9.Bb2 Qe8 10.Nc3 Nxe5 11.Qb3 c6 12.Rad1 Qe7 13.c5+ d5 14.Nxe5 Qxe5 15.Nxd5 Qxb2
16.Nf6+  1-0

[Event "e2e4 Sunningdale July Open"]
[Site "Ascot ENG"]
[Date "2013.07.06"]
[Round "3"]
[White "Stewart,Ashley"]
[Black "Dydak,Mateusz"]
[Result "1/2-1/2"]
[WhiteElo "2053"]
[BlackElo "1892"]

1.d4 f5 2.g3 Nf6 3.Bg2 g6 4.Nf3 Bg7 5.O-O O-O 6.c4 d6 7.Nc3 Qe8 8.d5 a5 9.Be3 Na6
10.Qd2 Ng4 11.Bd4 Bh6 12.Ng5 e5 13.dxe6 c6 14.h4 Nc5 15.Bxc5 dxc5 16.b3 Bg7
17.Rad1 h6 18.Nh3 Bxe6 19.Na4 Rd8 20.Qxa5 Rxd1 21.Rxd1 Bc8 22.e3 Bf6 23.Qxc5 g5
24.hxg5 hxg5 25.Nb6 Be7 26.Qd4 Bf6 27.Qd2 Qh5 28.Nxc8 Rxc8 29.Qd7 Rd8 30.Qe6+ Qf7
31.Rxd8+ Bxd8 32.Qc8 Qf6 33.Qxb7 Ne5 34.Qc8 Kg7 35.Qb7+ Kh6 36.f4 gxf4 37.gxf4 Ng6
38.Ng5 Qa1+ 39.Kh2 Bxg5 40.fxg5+ Kxg5 41.Qxc6 Qe5+ 42.Kg1 Qxe3+ 43.Kf1 Qd3+
44.Kg1 Qe3+ 45.Kh1 Qe1+ 46.Kh2 Qe5+ 47.Kg1 Qe1+  1/2-1/2

[Event "ch-BEL Open 2013"]
[Site "Antwerp BEL"]
[Date "2013.07.07"]
[Round "2.20"]
[White "Ledent,Philippe"]
[Black "Ghyselen,W"]
[Result "1/2-1/2"]
[WhiteElo "1868"]
[BlackElo "2103"]

1.d4 f5 2.c4 Nf6 3.g3 g6 4.Bg2 Bg7 5.Nf3 O-O 6.O-O d6 7.Nc3 c6 8.Qb3 Kh8
9.Bf4 Nh5 10.Rad1 Nd7 11.Rd3 Qe8 12.Qd1 e5 13.dxe5 dxe5 14.Nxe5 Nxe5 15.Re3 Nxf4
16.gxf4 Qf7 17.fxe5 Qxc4 18.Qd6 f4 19.Re4 Qe6 20.Rd1 Re8 21.Qxe6 Bxe6 22.Rxf4 Bxe5
23.Rb4 Re7 24.Ne4 a5 25.Rb6 Rb8 26.Nc5 Bc7 27.Rxb7 Rxb7 28.Nxb7 Bxa2 29.e3 Bxh2+
30.Kxh2 Rxb7 31.Bxc6 Rxb2 32.Kg3 Rb6 33.Ba4 Rb4 34.Rd8+ Kg7 35.Rd7+ Kh6 36.Bc6 Rb6
37.Ba4 Bb3 38.Bxb3 Rxb3 39.Ra7 Rb5 40.Kg4 g5 41.Ra6+ Kg7 42.Ra7+ Kg6 43.Ra6+ Kg7
44.Ra7+ Kg6 45.Ra6+ Kg7 46.Ra7+  1/2-1/2

[Event "31st Greek Team Cup Final 4"]
[Site "Athens GRE"]
[Date "2013.07.08"]
[Round "1.2"]
[White "Halkias,S"]
[Black "Zygouris,H"]
[Result "1-0"]
[WhiteElo "2565"]
[BlackElo "2199"]

1.d4 f5 2.Nf3 Nf6 3.g3 g6 4.Bg2 Bg7 5.O-O O-O 6.c4 d6 7.Nc3 c6 8.Rb1 Kh8
9.b4 Ne4 10.Bb2 Be6 11.Nxe4 fxe4 12.Ng5 Bxc4 13.Bxe4 e6 14.Qc1 d5 15.Bd3 Bxd3
16.exd3 Qf6 17.f4 Na6 18.Qe1 h6 19.Nf3 Qf5 20.Qd2 Nc7 21.Kg2 Kh7 22.a4 Qf7
23.Rbe1 Qd7 24.Re2 Rf5 25.Ref2 Rg8 26.h3 Bf8 27.Ne5 Qe8 28.Kh1 Bd6 29.Bc3 Qe7
30.Qe1 Rff8 31.Ng4 Ne8 32.Re2 Ng7 33.Bd2 Rf5 34.Kg2 h5 35.Nh2 Rff8 36.Nf3 Re8
37.Ng5+ Kh8 38.g4 Qf6 39.Re5 Rgf8 40.Qe2 Bxe5 41.dxe5 Qe7 42.d4 Rc8 43.Qd3 Qe8
44.Rc1 b6 45.Rc2 Kg8 46.Kh2 Rc7 47.Kg3 Kh8 48.Be3 Rc8 49.Rc1 Kg8 50.Rc2 Kh8
51.Kh2 Kg8 52.Rg2 Kh8 53.Kh1 Rc7 54.Rf2 Kg8 55.Kg2 Kh8 56.Rb2 Kg8 57.a5 b5
58.Rc2 a6 59.Kh2 Kh8 60.Rg2 Re7 61.Bd2 Rc7 62.Nf3 Kh7 63.Nh4 hxg4 64.hxg4 Rh8
65.Kg1 Nf5 66.gxf5 exf5 67.Nxg6 Qxg6 68.Qh3+  1-0

[Event "ch-BEL Experten 2013"]
[Site "Antwerp BEL"]
[Date "2013.07.12"]
[Round "7.4"]
[White "Hautot,S"]
[Black "Ringoir,T"]
[Result "0-1"]
[WhiteElo "2366"]
[BlackElo "2471"]

1.d4 f5 2.c4 Nf6 3.Nf3 g6 4.g3 Bg7 5.Bg2 O-O 6.O-O d6 7.Nc3 c6 8.d5 Bd7 9.Rb1 Na6
10.b4 Qc7 11.Qb3 cxd5 12.Nxd5 Nxd5 13.cxd5 Qc3 14.Qd1 Rac8 15.Bb2 Qc2 16.Bxg7 Qxd1
17.Rfxd1 Kxg7 18.Rdc1 Kf6 19.a3 Nc7 20.Nd4 Ba4 21.f4 Na8 22.Kf2 Nb6 23.e3 a6
24.Ke2 Bb5+ 25.Nxb5 axb5 26.Kd3 Rxc1 27.Rxc1 Ra8 28.Rc3 Nc4 29.Bf1 Nxa3 30.Rc1 Nc4
31.Kd4 Nd2 32.Rd1 Nxf1 33.Rxf1 Ra2 34.h3 h5 35.Rg1 Rd2+ 36.Kc3 Rxd5 37.g4 e5
38.g5+ Ke6 39.Ra1 e4 40.Ra7 Rd3+ 41.Kc2 Kd5 42.Rxb7 Kc4 43.Rg7 Rxe3 44.Rxg6 d5
45.Rc6+ Kxb4 46.Rf6 d4 47.Rxf5 d3+ 48.Kd1 Rxh3 49.g6 e3 50.Kc1 Rh1+ 51.Kb2 e2  0-1

[Event "ch-BEL Experten 2013"]
[Site "Antwerp BEL"]
[Date "2013.07.14"]
[Round "9.1"]
[White "Verstraeten,R"]
[Black "Ringoir,T"]
[Result "0-1"]
[WhiteElo "2283"]
[BlackElo "2471"]

1.d4 f5 2.c4 Nf6 3.Nf3 g6 4.g3 Bg7 5.Bg2 O-O 6.O-O d6 7.Nc3 c6 8.b4 Kh8 9.Qb3 Be6
10.d5 cxd5 11.cxd5 Bg8 12.Bb2 Na6 13.a3 Rc8 14.Rac1 Qb6 15.Nd2 Qd8 16.e3 Qd7
17.Rfd1 Nc7 18.b5 g5 19.b6 axb6 20.Nc4 Na8 21.a4 f4 22.exf4 gxf4 23.Nb5 Qg4
24.Rd3 Nd7 25.Bxg7+ Qxg7 26.Qd1 Rc5 27.Rd4 Rfc8 28.Rxf4 Ne5 29.Nba3 b5 30.axb5 Nb6
31.Qe2 Nxd5 32.Bxd5 Bxd5 33.Rc2 Nxc4 34.Nxc4 Qa1+  0-1

[Event "Corporation Cup 2013"]
[Site "Izhevsk RUS"]
[Date "2013.07.19"]
[Round "8.2"]
[White "Shinkevich,V"]
[Black "Kovalenko,I"]
[Result "1/2-1/2"]
[WhiteElo "2477"]
[BlackElo "2621"]

1.d4 g6 2.Nf3 Bg7 3.c4 f5 4.g3 Nf6 5.Bg2 O-O 6.O-O d6 7.Nc3 Qe8 8.b3 e5 9.dxe5 dxe5
10.Ba3 Rf7 11.e4 Nc6 12.exf5 Bxf5 13.Re1 Rd8 14.Qc1 h6 15.h3 g5 16.Re3 Rfd7
17.Qe1 e4 18.Nh2 Qf7 19.Rc1 Ne5 20.Qf1 Rd2 21.Rce1 g4 22.Nxe4 Nxe4 23.Bxe4 gxh3
24.Bd5 R8xd5 25.cxd5 Bd3 26.Rxd3 Nxd3 27.Re2 Rxe2 28.Qxe2 Qxd5 29.Nf3 b5
30.Nh4 b4 31.Qe8+ Bf8 32.Qg6+ Kh8 33.Qe8 Qc5 34.Bb2+ Nxb2 35.Qf7 Bg7 36.Ng6+ Kh7
37.Ne7 h5 38.Qg6+ Kh8 39.Qe8+ Kh7 40.Qg6+ Kh8 41.Qe8+  1/2-1/2

[Event "28th Avoine Open"]
[Site "Avoine FRA"]
[Date "2013.07.20"]
[Round "1.23"]
[White "Maleki,Ma"]
[Black "Notter,M"]
[Result "1-0"]
[WhiteElo "2271"]
[BlackElo "2046"]

1.Nf3 f5 2.d4 Nf6 3.g3 g6 4.Bg2 Bg7 5.O-O O-O 6.c4 d6 7.Nc3 Nc6 8.Qc2 e5
9.dxe5 dxe5 10.Rd1 Qe8 11.Nd5 e4 12.Nxc7 Qf7 13.Nxa8 exf3 14.exf3 Be6 15.Nc7 Qxc7
16.b3 Nd7 17.Bf4 Qa5 18.Rac1 Nd4 19.Qd2 Nb8  1-0

[Event "6th Paleochora Open"]
[Site "Paleochora GRE"]
[Date "2013.07.21"]
[Round "4.28"]
[White "Korniotis,F"]
[Black "Liodakis,K"]
[Result "0-1"]
[WhiteElo "1872"]
[BlackElo "2156"]

1.d4 f5 2.Nf3 g6 3.g3 Bg7 4.Bg2 Nf6 5.O-O O-O 6.c4 d6 7.Nc3 Qe8 8.d5 Bd7
9.Qb3 b6 10.c5 dxc5 11.d6+ Kh8 12.Ne5 exd6 13.Nxd7 Nbxd7 14.Bxa8 Qxa8 15.Rd1 Re8
16.f3 Ne5 17.a4 a5 18.Nb5 Qb7 19.Nxd6 cxd6 20.Rxd6 Ned7 21.Kf2 Bf8 22.Rd1 Qc6
23.Bf4 c4 24.Qc3 Bb4 25.Qc2 Bc5+ 26.Kg2 Nd5 27.Qxc4 Nxf4+ 28.gxf4 Kg7 29.Rd2 Nf6
30.h3 Qe6 31.Qxe6 Rxe6 32.Rad1 Nh5 33.Rd7+ Kh6 34.Kf1 Nxf4 35.R1d2 Nxh3 36.Rf7 Nf4
37.e4 Re7 38.Rxe7 Bxe7 39.e5 Kg7 40.Rd7 Kf7 41.b3 g5 42.Rc7 h5 43.Rc6 Nd5
44.Rh6 h4 45.Ke2 Kg7 46.Rc6 Bc5  0-1

[Event "Caissa GM July 2013"]
[Site "Kecskemet HUN"]
[Date "2013.07.22"]
[Round "5.3"]
[White "Jia,H"]
[Black "Ilincic,Z"]
[Result "1-0"]
[WhiteElo "2340"]
[BlackElo "2426"]

1.d4 f5 2.Nf3 Nf6 3.g3 g6 4.Bg2 Bg7 5.O-O O-O 6.c4 d6 7.Nc3 Nc6 8.d5 Ne5
9.Nxe5 dxe5 10.c5 h6 11.Qb3 Kh8 12.Rd1 g5 13.a4 a6 14.a5 Qe8 15.d6 c6 16.Na4 Rb8
17.Bd2 exd6 18.cxd6 Be6 19.Qa3 Qf7 20.Nc5 Bc4 21.Rac1 e4 22.Re1 Bd5 23.f3 Rfe8
24.Bc3 e3 25.Bd4 f4 26.gxf4 gxf4 27.Kh1 Rg8 28.Rg1 Qh5 29.Bxf6 Bxf6 30.Nd7 Qf5
31.Nxf6 Qxf6 32.Bh3 Rg5 33.Rxg5 hxg5 34.d7 Kg7 35.Rg1 Kf7 36.Qb4 Kg6 37.Bg4 Kh6
38.Qb6 Bc4 39.Qc7 Rd8 40.Rg2 Bb5 41.h4 Kg6 42.Bh3 Rh8 43.Rxg5+ Kh6 44.Bf5 Qd4
45.d8=Q  1-0

[Event "Maccabiah GM2 2013"]
[Site "Jerusalem ISR"]
[Date "2013.07.25"]
[Round "7.4"]
[White "Bitelmajer,M"]
[Black "Vaisser,A"]
[Result "0-1"]
[WhiteElo "2343"]
[BlackElo "2544"]

1.d4 f5 2.c4 Nf6 3.g3 g6 4.Bg2 Bg7 5.Nf3 O-O 6.O-O d6 7.Nc3 c6 8.d5 e5 9.dxe6 Bxe6
10.Qd3 Na6 11.Ng5 Qe7 12.Bf4 Rad8 13.Rad1 Nh5 14.Nxe6 Qxe6 15.Qe3 Nxf4 16.Qxf4 Be5
17.Qh4 Bxc3 18.bxc3 Nc5 19.e3 Qf6 20.Qd4 Kg7 21.Rd2 Rfe8 22.Rfd1 Re6 23.Bf3 h5
24.h4 a5 25.Bg2 a4 26.Rb1 Re7 27.Rbd1 Red7 28.Re2 a3 29.Rde1 Re8 30.Rd1 Kf7
31.Red2 Red8 32.Re2 Qe5 33.Red2 Ke7 34.Rb1 Ra8 35.Rbd1 Rad8 36.Rb1 Qf6 37.Rbd1 Kf7
38.Kh2 Qe6 39.Kg1 Ne4 40.Bxe4 fxe4 41.Qa7 g5 42.hxg5 c5 43.Kg2 Qxc4 44.Qxa3 Qe6
45.Rh1 Kg6 46.Qa4 d5 47.Qd1 Qg4 48.Qxg4 hxg4 49.Rb1 Kxg5 50.Rb5 Rc7 51.c4 Kf5
52.cxd5 Ke5 53.Rdb2 Rdd7 54.Kf1 Kxd5 55.Ke2 Rd6 56.Rxb7 Rxb7 57.Rxb7 Ra6
58.Rb2 c4 59.Rb5+ Kc6 60.Rf5 Rxa2+ 61.Kd1 Kd6 62.Kc1 c3 63.Kb1 Rb2+ 64.Kc1 Ke6
65.Rf4 Kd5 66.Rxg4 Rxf2 67.Rg8 Kc4 68.Rd8 Re2 69.Kd1 Rxe3 70.Rc8+ Kd4 71.Rd8+ Ke5
72.Rg8 Rd3+ 73.Kc2 Kd4 74.g4 Rd2+ 75.Kc1 e3  0-1

[Event "Karpacz Open 2013"]
[Site "Karpacz POL"]
[Date "2013.07.26"]
[Round "5.1"]
[White "Moranda,W"]
[Black "Malaniuk,V"]
[Result "1/2-1/2"]
[WhiteElo "2570"]
[BlackElo "2529"]

1.d4 f5 2.g3 Nf6 3.Bg2 g6 4.Nf3 Bg7 5.c4 O-O 6.O-O d6 7.Nc3 Qe8 8.Re1 Qf7
9.e4 fxe4 10.Nxe4 Nc6 11.d5 Nxe4 12.Rxe4 Ne5 13.Rf4 Nc6 14.dxc6 bxc6  1/2-1/2

[Event "III Brazil Maringa Open"]
[Site "Maringa BRA"]
[Date "2013.07.26"]
[Round "4.19"]
[White "Bueno,Jair Cardona"]
[Black "Martins,Ca1"]
[Result "1/2-1/2"]
[WhiteElo "1910"]
[BlackElo "2241"]

1.d4 f5 2.g3 Nf6 3.Bg2 g6 4.Nf3 Bg7 5.c4 O-O 6.O-O d6 7.Nc3 Nc6 8.Rb1 e5
9.dxe5 dxe5 10.Qxd8 Rxd8 11.e4 Nxe4 12.Nxe4 fxe4 13.Ng5 h6 14.Nxe4 Bf5 15.Be3 Nd4
16.Rbd1 c6 17.Rd2 g5 18.h3 g4 19.hxg4 Bxg4 20.f3 Be6 21.b3 b6 22.Rfd1 Rf8
23.Rf1 Rad8 24.Kh2 Bf5 25.Kg1 Bg6 26.Rff2 Nf5 27.Rxd8 Rxd8 28.Rd2 Rf8 29.Bf2 Nd4
30.Rd3 Ne2+ 31.Kf1 Nxg3+ 32.Bxg3 Bxe4 33.Re3 Bb1 34.Bxe5 Bxa2 35.Bxg7 Kxg7
36.Kf2 c5 37.Bf1 Bb1 38.Bd3 Bxd3 39.Rxd3 a5 40.Rd6 Rf6 41.Rd5 Kf7 42.Ke3 Ke7
43.Ke4 Re6+ 44.Kf4 Rg6 45.Rh5 Rd6 46.Ke4 Kf7 47.f4 Kg6 48.Rh3 Re6+ 49.Kd5 Rf6
50.Ke5 Rf5+ 51.Ke4 Rf7 52.f5+ Kg7 53.Rg3+ Kf8 54.Rg6 Rb7 55.Rxh6 b5 56.Rc6 a4
57.bxa4 b4 58.Rd6 b3 59.Rd1 Re7+ 60.Kd3 Rd7+ 61.Ke2 Re7+ 62.Kd2 Rd7+ 63.Ke2 Re7+
64.Kd2 Rd7+ 65.Ke2 Re7+ 66.Kd2 Rd7+ 67.Ke2  1/2-1/2

[Event "9th Tabor Open 2013"]
[Site "Tabor CZE"]
[Date "2013.07.28"]
[Round "1.12"]
[White "Jedlicka,A"]
[Black "Lansky,Petr"]
[Result "1-0"]
[WhiteElo "2226"]
[BlackElo "1813"]

1.d4 f5 2.Nf3 Nf6 3.g3 g6 4.Bg2 Bg7 5.O-O O-O 6.c4 c6 7.b3 d5 8.Nbd2 Qc7
9.Bb2 f4 10.Rc1 Bf5 11.Ne5 dxc4 12.gxf4 Bh6 13.bxc4 Bxf4 14.e3 Bh6 15.f4 Qc8
16.Qf3 Nbd7 17.Qg3 Nh5 18.Qh4 Nxe5 19.dxe5 Bd3 20.Rf2 Qe6 21.Nf3 c5 22.Nd4 Qb6
23.Bd5+ Kh8 24.Ne6 Rfe8 25.Ng5 e6 26.Nf7+ Kg7 27.Nxh6 exd5 28.cxd5 Kxh6 29.Qg5+ Kg7
30.e6+ Kf8 31.f5 Qd8 32.fxg6+  1-0

[Event "Politiken Cup 2013"]
[Site "Helsingor DEN"]
[Date "2013.07.29"]
[Round "4.97"]
[White "Standal,B"]
[Black "Jensen,Mi"]
[Result "1/2-1/2"]
[WhiteElo "1807"]
[BlackElo "2066"]

1.Nf3 f5 2.d4 Nf6 3.c4 g6 4.g3 Bg7 5.Bg2 O-O 6.O-O d6 7.Nc3 Nc6 8.Re1 e5
9.dxe5 dxe5 10.Bg5 Be6 11.Bxf6 Qxf6 12.Nd5 Bxd5 13.cxd5 Ne7 14.Qb3 Kh8 15.e4 f4
16.g4 Rab8 17.Rad1 h6 18.Rd2 Nc8 19.Rc1 Rf7 20.Rdc2 Qd6 21.Rc6 Qd8 22.Rxg6 Nd6
23.Qc2 Qd7 24.h3 Re8 25.Nh4 Kh7 26.Re6 Rxe6 27.dxe6 Qxe6 28.Nf5 Qxa2 29.Bf1 Qe6
30.f3 Rd7 31.Nxd6 Qxd6 32.Be2 Qb6+ 33.Kf1 Bf6 34.Rd1 Rg7 35.Rd5 c6 36.Rd3 Bh4
37.Bd1 Qa5 38.Qd2 Qb5 39.Be2 Qc5 40.Bd1 Qb5 41.Be2 Qb6 42.Bd1 Kh8 43.Rd6 Qb5+
44.Be2 Qc5 45.Rxh6+  1/2-1/2

[Event "5th Rethymno Open"]
[Site "Rethymno GRE"]
[Date "2013.07.29"]
[Round "2.25"]
[White "Iasman,I"]
[Black "Trygstad,K"]
[Result "1/2-1/2"]
[WhiteElo "1970"]
[BlackElo "2236"]

1.d4 f5 2.c4 Nf6 3.g3 g6 4.Bg2 Bg7 5.Nf3 O-O 6.O-O d6 7.Nc3 Nc6 8.d5 Na5
9.Qd3 e5 10.dxe6 Bxe6 11.b3 Nc6 12.Bb2 h6 13.Rac1 Qe8 14.Ba1 Qf7 15.e3 Rad8
16.Nd4 Ne5 17.Qc2 Bc8 18.Nd5 c6 19.Nxf6+ Bxf6 20.Rfd1 Bg7 21.h3 Qe7 22.Re1 c5
23.Nb5 Nc6 24.Nc3 Be6 25.Rcd1 a6 26.Rd2 Rd7 27.Red1 Rfd8 28.a3 Bf7 29.Bd5 Qf8
30.Bb2 Ne7 31.Bxf7+ Qxf7 32.Nd5 Nxd5 33.Rxd5 Bf6 34.Bxf6 Qxf6 35.Qe2 h5 36.h4 a5
37.a4 b6  1/2-1/2

[Event "5th Rethymno Open"]
[Site "Rethymno GRE"]
[Date "2013.07.30"]
[Round "4.8"]
[White "Maiorov,N1"]
[Black "Krishna,CRG"]
[Result "1-0"]
[WhiteElo "2538"]
[BlackElo "2339"]

1.d4 f5 2.c4 Nf6 3.g3 g6 4.Bg2 Bg7 5.Nf3 O-O 6.O-O d6 7.Nc3 e6 8.Qb3 Qe7
9.Qa3 Nc6 10.Rd1 h6 11.d5 Nd8 12.dxe6 Bxe6 13.Qb3 Qf7 14.Nd5 Ne4 15.Qc2 b5
16.Nd4 Bxd4 17.Rxd4 Nc6 18.Rd1 bxc4 19.Nc3 Kh7 20.Nxe4 fxe4 21.Qxe4 Qxf2+
22.Kh1 Ne5 23.Bf4 Rae8 24.Bxe5 dxe5 25.Rac1 Qb6 26.b3 Rf2 27.Bf3 Re7 28.Qxe5 cxb3
29.Rc6 Rd7 30.Rxd7+  1-0

[Event "Politiken Cup 2013"]
[Site "Helsingor DEN"]
[Date "2013.07.31"]
[Round "6.37"]
[White "Merkesvik,Sondre"]
[Black "Christensen,Bo"]
[Result "1-0"]
[WhiteElo "1980"]
[BlackElo "2256"]

1.Nf3 f5 2.d4 Nf6 3.c4 g6 4.g3 Bg7 5.Bg2 O-O 6.O-O d6 7.d5 Nbd7 8.Nc3 Ne5
9.Qb3 Nfd7 10.Na4 Nxf3+ 11.exf3 a6 12.Re1 Rb8 13.Be3 b5 14.cxb5 Rxb5 15.Qc2 Bb7
16.Nc3 Ra5 17.f4 Qa8 18.Rad1 Nf6 19.Bd4 Re8 20.b4 Rxd5 21.Nxd5 Nxd5 22.Bxg7 Kxg7
23.Qb2+ Kf7 24.h4 e6 25.a3 Re7 26.Qd4 Qe8 27.Re2 Qa8 28.Ree1 h5 29.Rd2 Re8
30.Rc2 Re7 31.Rd2 Re8 32.Kh2 Nf6 33.Bxb7 Qxb7 34.Rc2 Re7 35.Kg1 Qf3 36.Rc3 Qg4
37.Kg2 e5 38.Qc4+ d5 39.f3 Qxf3+ 40.Rxf3 dxc4 41.Rc3 Rd7 42.fxe5 Rd2+ 43.Kg1 Ne4
44.Rxc4 Ke6 45.Rxc7 Kxe5 46.Rc6 Rd3 47.Rxa6 Rxg3+ 48.Kf1 Kf4 49.Re2 Kf3 50.Rh2 f4
51.b5 Ke3 52.Re2+ Kd3 53.Rxe4 Kxe4 54.Kf2 Rb3 55.Ra4+ Kf5 56.Rb4 Rxa3 57.b6 Ra8
58.b7 Rb8 59.Kf3 Ke5 60.Rb2 Kf5 61.Rb5+ Ke6 62.Kxf4 Kf6 63.Rb6+ Kg7 64.Kg5 Kh7
65.Rb2 Kg7 66.Rb3  1-0

[Event "Biel MTO 2013"]
[Site "Biel SUI"]
[Date "2013.08.01"]
[Round "10.2"]
[White "Hausrath,D"]
[Black "Bartel,Mat"]
[Result "1/2-1/2"]
[WhiteElo "2516"]
[BlackElo "2619"]

1.Nf3 f5 2.g3 Nf6 3.Bg2 g6 4.O-O Bg7 5.c4 O-O 6.d4 d6 7.Nc3 c6 8.Rb1 a5 9.Qb3 Kh8
10.Rd1 Na6 11.Be3 Ng4 12.Bd2 Rb8 13.h3 Nf6 14.c5 Ne4 15.Be3 b5 16.cxd6 exd6
17.Nxe4 fxe4 18.Nd2 d5 19.Rbc1 Bd7 20.Bf4 Rxf4 21.gxf4 Qh4 22.Qg3 Qxg3 23.fxg3 Bxd4+
24.Kh2 Bxb2 25.Rc2 Bg7 26.Nxe4 Bf5 27.Rxc6 Nb4 28.Rc7 dxe4 29.a3 Na2 30.g4 Nc3
31.Rxc3 Bxc3 32.gxf5 gxf5 33.Rd5 Rf8 34.Rxb5 Bd2 35.Kg3 Be1+ 36.Kh2 Kg7 37.h4 Bd2
38.Kg3 Be1+ 39.Kh2 Kg6 40.Bh3 Bxh4 41.Rxa5 Rf6  1/2-1/2

[Event "5th Rethymno Open"]
[Site "Rethymno GRE"]
[Date "2013.08.01"]
[Round "6.7"]
[White "Harestad,H"]
[Black "Rychagov,A"]
[Result "0-1"]
[WhiteElo "2318"]
[BlackElo "2544"]

1.d4 f5 2.g3 Nf6 3.Bg2 g6 4.Nf3 Bg7 5.O-O O-O 6.c4 d6 7.Nc3 Qe8 8.d5 Na6
9.Rb1 Bd7 10.b4 c5 11.dxc6 bxc6 12.a3 Nc7 13.Bb2 Rb8 14.Qa4 a6 15.Qa5 Rb7
16.Rbd1 Ne4 17.Nd4 Nxc3 18.Bxc3 e5 19.Nc2 Qe6 20.Ba1 Be8 21.b5 axb5 22.Nb4 e4
23.Bxg7 Kxg7 24.cxb5 Nxb5 25.Qa6 Qd7 26.f3 Qc7 27.Rc1 Ra7 28.Qxb5 cxb5 29.Rxc7+ Rxc7
30.fxe4 fxe4 31.Rd1 Rc4 32.Nd5 Bf7 33.Nf4 g5  0-1

[Event "Sparkassen Open A 2013"]
[Site "Dortmund GER"]
[Date "2013.08.04"]
[Round "9.28"]
[White "Stoer,Agnes"]
[Black "Melmer,Felix"]
[Result "1/2-1/2"]
[WhiteElo "1869"]
[BlackElo "2024"]

1.Nf3 g6 2.g3 Bg7 3.d4 f5 4.Bg2 Nf6 5.O-O O-O 6.c4 d6 7.h3 Qe8 8.Nc3 c6 9.Re1 e5
10.e4 Nxe4 11.dxe5 dxe5 12.Ng5 Na6 13.Ngxe4 fxe4 14.Nxe4 Qf7 15.Qe2 Bf5 16.Nd6 Qe7
17.Nxf5 gxf5 18.Rb1 Rad8 19.b3 Nb4 20.Ba3 e4 21.g4 c5 22.gxf5 Rxf5 23.Bxb4 cxb4
24.Bxe4 Re5 25.Qc2 Qg5+ 26.Bg2 Rd2 27.Rxe5 Bxe5 28.Qe4 Rd4 29.Qxb7 Rf4 30.Qc8+ Kg7
31.Qd7+ Kh6 32.Qe6+ Kh5 33.Re1 Bd4 34.Qe8+ Kh4 35.Re2 Qf5 36.Qe7+ Kh5 37.Qe8+ Kh4
38.Qd8+ Kh5 39.Qd5 Bxf2+ 40.Kh1 Kh4 41.Qxf5 Rxf5 42.Re7 h5 43.Re4+ Kg3 44.Re6  1/2-1/2

[Event "XX Feria de las Flores 2013"]
[Site "Medellin COL"]
[Date "2013.08.06"]
[Round "6.21"]
[White "Franco,W"]
[Black "Munoz,Farid"]
[Result "0-1"]
[WhiteElo "2087"]
[BlackElo "2159"]

1.d4 f5 2.g3 Nf6 3.Bg2 g6 4.Nf3 Bg7 5.c4 O-O 6.O-O d6 7.Nc3 Qe8 8.Bg5 Nbd7
9.Qd2 c6 10.Bh6 Qf7 11.Bxg7 Kxg7 12.b3 h6 13.Rae1 Ne4 14.Qd3 Ndf6 15.Nd2 d5
16.cxd5 cxd5 17.Nf3 Qe8 18.Rc1 Qd8 19.Rc2 Be6 20.Rfc1 a6 21.Na4 Rc8 22.Ne5 Qa5
23.e3 Rxc2 24.Rxc2 Rc8 25.Rxc8 Bxc8 26.Qc2 Qe1+ 27.Bf1 Nd2  0-1